[Event "7th Arber Senior Cup"]
[Site "chess24.com"]
[Date "2019.08.02"]
[Round "7"]
[White "Mahnke, Ralf, Dr."]
[Black "Nickl, Klaus"]
[Result "0-1"]
[Board "13"]
[WhiteElo "1925"]
[WhiteCountry "GER"]
[WhiteFideId "24691763"]
[WhiteEloChange "-8"]
[BlackElo "1983"]
[BlackCountry "AUT"]
[BlackFideId "1601024"]
[BlackEloChange "8"]

1. d4 {[%clk 2:10:56]} Nf6 {[%clk 2:10:38]} 2. c4 {[%clk 2:11:14]} e6 {[%clk
2:10:59]} 3. Nc3 {[%clk 2:11:26]} Bb4 {[%clk 2:11:17]} 4. Nf3 {[%clk 2:11:25]} c5
{[%clk 2:10:43]} 5. e3 {[%clk 2:11:21]} O-O {[%clk 2:09:48]} 6. Be2 {[%clk
2:10:38]} d6 {[%clk 2:01:27]} 7. O-O {[%clk 2:10:21]} Nc6 {[%clk 2:00:24]} 8. Qc2
{[%clk 2:07:31]} Qe7 {[%clk 1:57:50]} 9. a3 {[%clk 2:05:28]} Bxc3 {[%clk
1:54:04]} 10. Qxc3 {[%clk 2:05:30]} e5 {[%clk 1:52:46]} 11. dxc5 {[%clk 1:49:37]}
dxc5 {[%clk 1:52:02]} 12. b3 {[%clk 1:49:42]} Bg4 {[%clk 1:42:23]} 13. Re1 {[%clk
1:47:30]} Rad8 {[%clk 1:38:11]} 14. Bb2 {[%clk 1:45:28]} e4 {[%clk 1:31:48]} 15.
Nd2 {[%clk 1:44:02]} Bxe2 {[%clk 1:31:59]} 16. Rxe2 {[%clk 1:44:26]} Rd3 {[%clk
1:31:56]} 17. Qc2 {[%clk 1:43:53]} Rfd8 {[%clk 1:32:00]} 18. Nf1 {[%clk 1:42:26]}
Ng4 {[%clk 1:24:32]} 19. Rd2 {[%clk 1:39:59]} f5 {[%clk 1:09:11]} 20. Rad1 {[%clk
1:39:06]} Nge5 {[%clk 1:06:17]} 21. Rxd3 {[%clk 1:38:11]} Nxd3 {[%clk 1:05:48]}
22. Bc3 {[%clk 1:32:31]} Rd6 {[%clk 1:03:16]} 23. f4 {[%clk 1:28:10]} Rh6 {[%clk
0:58:31]} 24. g3 {[%clk 1:23:32]} Rd6 {[%clk 0:57:47]} 25. Nd2 {[%clk 1:19:14]}
g5 {[%clk 0:56:04]} 26. Nf1 {[%clk 1:17:54]} h5 {[%clk 0:55:42]} 27. Qe2 {[%clk
1:16:21]} Rh6 {[%clk 0:55:47]} 28. Be1 {[%clk 1:13:18]} h4 {[%clk 0:53:38]} 29.
gxh4 {[%clk 1:11:59]} gxf4 {[%clk 0:53:10]} 30. exf4 {[%clk 1:04:25]} Nd4 {[%clk
0:50:01]} 31. Qg2+ {[%clk 1:02:37]} Kh7 {[%clk 0:50:06]} 32. Bg3 {[%clk 0:59:35]}
Nf3+ {[%clk 0:49:39]} 33. Kh1 {[%clk 0:59:24]} Nxh4 {[%clk 0:49:52]} 34. Qe2
{[%clk 0:57:49]} Qf6 {[%clk 0:48:53]} 35. Ne3 {[%clk 0:56:58]} Ng6 {[%clk
0:48:05]} 36. Nd5 {[%clk 0:57:04]} Qd6 {[%clk 0:44:54]} 37. Rf1 {[%clk 0:56:28]}
Ne7 {[%clk 0:42:35]} 38. Nxe7 {[%clk 0:49:47]} Qxe7 {[%clk 0:43:03]} 39. Rg1
{[%clk 0:50:09]} Qf6 {[%clk 0:39:52]} 40. Qg2 {[%clk 0:50:15]} Qg6 {[%clk
0:38:41]} 41. Qd2 {[%clk 0:49:59]} Qh5 {[%clk 0:37:36]} 42. Qe3 {[%clk 0:45:58]}
Rg6 {[%clk 0:37:04]} 43. Rf1 {[%clk 0:44:45]} Qh3 {[%clk 0:35:58]} 44. Rg1 {[%clk
0:43:25]} Rg4 {[%clk 0:34:54]} 45. Bf2 {[%clk 0:24:56]} Rxg1+ {[%clk 0:19:43]}
46. Bxg1 {[%clk 0:21:58]} Qf1 {[%clk 0:19:47]} 47. Qg3 {[%clk 0:19:53]} Qxf4
{[%clk 0:19:45]} 48. Qh3+ {[%clk 0:19:35]} Kg6 {[%clk 0:18:52]} 49. Be3 {[%clk
0:19:37]} Nf2+ {[%clk 0:18:01]} 50. Bxf2 {[%clk 0:19:50]} Qxf2 {[%clk 0:18:27]}
51. Qg3+ {[%clk 0:18:38]} Qxg3 {[%clk 0:18:39]} 52. hxg3 {[%clk 0:19:04]} Kg5
{[%clk 0:18:57]} 53. b4 {[%clk 0:19:31]} b6 {[%clk 0:19:13]} 54. Kg2 {[%clk
0:19:39]} Kg4 {[%clk 0:19:13]} 55. Kf2 {[%clk 0:19:08]} Kh3 {[%clk 0:19:26]} 56.
b5 {[%clk 0:18:26]} Kh2 {[%clk 0:19:21]} 0-1

[Event "7th Arber Senior Cup"]
[Site "chess24.com"]
[Date "2019.08.02"]
[Round "7"]
[White "Kirschner, Torsten"]
[Black "Gerl, Hans, Dr."]
[Result "1-0"]
[Board "19"]
[WhiteElo "1767"]
[WhiteCountry "GER"]
[WhiteFideId "12923460"]
[WhiteEloChange "15"]
[BlackElo "1955"]
[BlackCountry "GER"]
[BlackFideId "4659236"]
[BlackEloChange "-15"]

1. d4 {[%clk 2:10:47]} Nf6 {[%clk 2:10:49]} 2. c4 {[%clk 2:10:59]} e6 {[%clk
2:11:08]} 3. Nf3 {[%clk 2:10:51]} b6 {[%clk 2:11:17]} 4. g3 {[%clk 2:10:02]} Bb7
{[%clk 2:10:34]} 5. Bg2 {[%clk 2:10:09]} Be7 {[%clk 2:10:11]} 6. O-O {[%clk
2:09:22]} O-O {[%clk 2:10:21]} 7. d5 {[%clk 2:07:22]} exd5 {[%clk 2:09:00]} 8.
Nh4 {[%clk 2:06:02]} c6 {[%clk 2:05:39]} 9. cxd5 {[%clk 2:04:57]} Nxd5 {[%clk
2:03:45]} 10. Nf5 {[%clk 2:04:05]} Na6 {[%clk 2:01:14]} 11. e4 {[%clk 2:01:58]}
Nf6 {[%clk 1:56:57]} 12. Nc3 {[%clk 1:59:29]} d6 {[%clk 1:55:23]} 13. Bf4 {[%clk
1:49:29]} Ne8 {[%clk 1:52:57]} 14. Qg4 {[%clk 1:45:47]} Bc8 {[%clk 1:50:26]} 15.
Rad1 {[%clk 1:36:19]} Bxf5 {[%clk 1:48:00]} 16. Qxf5 {[%clk 1:34:16]} Qc8 {[%clk
1:46:34]} 17. Qh5 {[%clk 1:32:23]} Nf6 {[%clk 1:46:12]} 18. Qe2 {[%clk 1:30:36]}
Rd8 {[%clk 1:45:51]} 19. e5 {[%clk 1:28:17]} dxe5 {[%clk 1:45:55]} 20. Bxe5
{[%clk 1:27:53]} Rxd1 {[%clk 1:36:41]} 21. Rxd1 {[%clk 1:25:31]} Nc5 {[%clk
1:32:19]} 22. Bd6 {[%clk 1:13:06]} Bf8 {[%clk 1:28:00]} 23. Qf3 {[%clk 1:06:42]}
Bxd6 {[%clk 1:23:39]} 24. Rxd6 {[%clk 1:06:31]} Qe8 {[%clk 1:22:36]} 25. Qxc6
{[%clk 1:04:26]} Qe1+ {[%clk 1:22:10]} 26. Bf1 {[%clk 1:04:30]} Re8 {[%clk
1:21:05]} 27. Rd1 {[%clk 1:02:05]} Qe5 {[%clk 1:21:09]} 28. Bg2 {[%clk 0:56:57]}
h5 {[%clk 1:20:21]} 29. Qd6 {[%clk 0:56:36]} Qf5 {[%clk 1:19:19]} 30. Nd5 {[%clk
0:53:28]} Nxd5 {[%clk 1:11:24]} 31. Qxd5 {[%clk 0:53:01]} Qxd5 {[%clk 1:10:42]}
32. Rxd5 {[%clk 0:53:16]} g6 {[%clk 1:10:34]} 33. Kf1 {[%clk 0:52:43]} Re7 {[%clk
1:10:20]} 34. b4 {[%clk 0:51:19]} Ne6 {[%clk 1:10:28]} 35. Rd6 {[%clk 0:50:53]}
Rc7 {[%clk 1:10:23]} 36. Rc6 {[%clk 0:50:00]} Rd7 {[%clk 1:10:43]} 37. Bh3 {[%clk
0:46:52]} Rd1+ {[%clk 1:07:03]} 38. Ke2 {[%clk 0:46:34]} Rb1 {[%clk 1:03:06]} 39.
Bxe6 {[%clk 0:45:22]} fxe6 {[%clk 1:03:06]} 40. a3 {[%clk 0:45:11]} Rb2+ {[%clk
1:02:21]} 41. Kf1 {[%clk 0:45:28]} Kf7 {[%clk 1:00:20]} 42. Rc7+ {[%clk 0:45:34]}
Kf6 {[%clk 1:00:39]} 43. Rxa7 {[%clk 0:45:50]} Rb3 {[%clk 0:58:30]} 44. Ra6
{[%clk 0:45:56]} Ke5 {[%clk 0:58:47]} 45. Kg2 {[%clk 0:45:19]} Kd5 {[%clk
0:58:28]} 46. Rxb6 {[%clk 0:45:38]} Rxa3 {[%clk 0:58:46]} 47. h4 {[%clk 0:45:20]}
Ke5 {[%clk 0:57:23]} 48. Rb8 {[%clk 0:45:24]} Rb3 {[%clk 0:57:30]} 49. b5 {[%clk
0:45:33]} Kd6 {[%clk 0:57:06]} 50. b6 {[%clk 0:45:19]} Kc6 {[%clk 0:56:16]} 51.
Rg8 {[%clk 0:45:00]} Rxb6 {[%clk 0:56:15]} 52. Rxg6 {[%clk 0:45:19]} Kd5 {[%clk
0:55:57]} 53. Rg5+ {[%clk 0:44:58]} Ke4 {[%clk 0:55:46]} 54. Rxh5 {[%clk
0:45:18]} e5 {[%clk 0:55:51]} 55. Rh8 {[%clk 0:45:10]} Kf5 {[%clk 0:55:22]} 56.
Rh5+ {[%clk 0:43:55]} Ke4 {[%clk 0:55:00]} 57. f3+ {[%clk 0:44:08]} Kd4 {[%clk
0:55:16]} 58. g4 {[%clk 0:44:24]} Rb2+ {[%clk 0:54:17]} 59. Kg3 {[%clk 0:43:27]}
Rb3 {[%clk 0:54:09]} 60. Rh8 {[%clk 0:42:43]} e4 {[%clk 0:54:16]} 61. Rd8+ {[%clk
0:42:32]} Kc4 {[%clk 0:53:51]} 62. Rf8 {[%clk 0:42:33]} e3 {[%clk 0:53:38]} 63.
Re8 {[%clk 0:42:00]} Kd3 {[%clk 0:53:24]} 64. h5 {[%clk 0:42:14]} Rb1 {[%clk
0:44:25]} 65. h6 {[%clk 0:39:30]} Rh1 {[%clk 0:42:54]} 66. g5 {[%clk 0:39:40]} e2
{[%clk 0:43:08]} 67. Kg4 {[%clk 0:38:12]} Kd2 {[%clk 0:42:06]} 68. Kf5 {[%clk
0:37:54]} e1Q {[%clk 0:42:12]} 69. Rxe1 {[%clk 0:38:14]} Kxe1 {[%clk 0:42:39]}
70. Kg6 {[%clk 0:38:25]} Kf2 {[%clk 0:42:43]} 71. f4 {[%clk 0:38:39]} Kf3 {[%clk
0:42:29]} 72. f5 {[%clk 0:38:40]} Kf4 {[%clk 0:42:40]} 73. f6 {[%clk 0:38:39]}
Rg1 {[%clk 0:42:08]} 74. f7 {[%clk 0:38:42]} Rxg5+ {[%clk 0:42:11]} 75. Kf6
{[%clk 0:38:26]} Rf5+ {[%clk 0:42:27]} 76. Ke6 {[%clk 0:38:17]} Re5+ {[%clk
0:39:35]} 77. Kd6 {[%clk 0:36:51]} Rf5 {[%clk 0:39:49]} 78. h7 {[%clk 0:36:33]}
Rxf7 {[%clk 0:40:04]} 79. h8Q {[%clk 0:36:44]} Rf5 {[%clk 0:40:16]} 80. Qd4+
{[%clk 0:35:48]} Kg5 {[%clk 0:39:59]} 81. Qe4 {[%clk 0:35:37]} Rf6+ {[%clk
0:38:42]} 82. Ke5 {[%clk 0:32:17]} Rf7 {[%clk 0:38:29]} 83. Qg2+ {[%clk 0:31:40]}
Kh6 {[%clk 0:38:33]} 84. Qg8 {[%clk 0:28:13]} Rg7 {[%clk 0:36:29]} 85. Qh8+
{[%clk 0:25:14]} Kg6 {[%clk 0:36:37]} 86. Qh4 {[%clk 0:25:11]} Rf7 {[%clk
0:36:00]} 87. Ke6 {[%clk 0:25:01]} Rf8 {[%clk 0:35:12]} 88. Qg4+ {[%clk 0:24:32]}
Kh6 {[%clk 0:35:22]} 89. Ke7 {[%clk 0:24:17]} Rh8 {[%clk 0:32:51]} 90. Kf7 {[%clk
0:23:21]} Rh7+ {[%clk 0:33:05]} 91. Kf6 {[%clk 0:23:24]} 1-0

[Event "7th Arber Senior Cup"]
[Site "chess24.com"]
[Date "2019.08.02"]
[Round "7"]
[White "Schmidt, Matthias"]
[Black "Sagner, Guenter"]
[Result "1-0"]
[Board "20"]
[WhiteElo "1949"]
[WhiteCountry "GER"]
[WhiteFideId "4693043"]
[WhiteEloChange "4"]
[BlackElo "1696"]
[BlackCountry "GER"]
[BlackFideId "12973629"]
[BlackEloChange "-4"]

1. d4 {[%clk 2:10:57]} Nf6 {[%clk 2:09:25]} 2. Nf3 {[%clk 2:11:15]} e6 {[%clk
2:09:34]} 3. g3 {[%clk 2:11:33]} c5 {[%clk 2:08:12]} 4. Bg2 {[%clk 2:10:29]} d5
{[%clk 2:08:27]} 5. O-O {[%clk 2:10:07]} Nc6 {[%clk 2:06:52]} 6. c3 {[%clk
2:08:01]} b6 {[%clk 2:04:32]} 7. Re1 {[%clk 2:07:13]} Bd6 {[%clk 2:03:21]} 8. Bg5
{[%clk 2:05:03]} h6 {[%clk 2:02:42]} 9. Bxf6 {[%clk 2:05:11]} Qxf6 {[%clk
2:03:07]} 10. dxc5 {[%clk 2:03:15]} bxc5 {[%clk 2:02:51]} 11. e4 {[%clk 2:00:02]}
e5 {[%clk 1:53:46]} 12. exd5 {[%clk 1:52:02]} Ne7 {[%clk 1:51:23]} 13. Nbd2
{[%clk 1:49:40]} Nf5 {[%clk 1:46:07]} 14. Ne4 {[%clk 1:47:45]} Qd8 {[%clk
1:35:14]} 1-0

[Event "7th Arber Senior Cup"]
[Site "chess24.com"]
[Date "2019.08.02"]
[Round "7"]
[White "Gottwald, Helmut"]
[Black "Schmid, Johann"]
[Result "1/2-1/2"]
[Board "28"]
[WhiteElo "1579"]
[WhiteTeam "vereinslos"]
[WhiteCountry "GER"]
[WhiteFideId "24631264"]
[WhiteEloChange "6"]
[BlackElo "1842"]
[BlackTeam "SV WB Allianz Muenchen"]
[BlackCountry "GER"]
[BlackFideId "24643807"]
[BlackEloChange "-6"]

1. Nf3 {[%clk 2:10:30]} e6 {[%clk 2:10:30]} 2. e4 {[%clk 2:10:30]} d5 {[%clk
2:10:30]} 3. exd5 {[%clk 2:10:30]} exd5 {[%clk 2:10:30]} 4. d4 {[%clk 2:10:30]}
Nc6 {[%clk 2:10:30]} 5. Bf4 {[%clk 2:10:30]} Bg4 {[%clk 2:10:30]} 6. Be2 {[%clk
2:10:30]} Nf6 {[%clk 2:10:30]} 7. h3 {[%clk 2:10:30]} Bh5 {[%clk 2:10:30]} 8. Ne5
{[%clk 2:10:30]} Bg6 {[%clk 2:10:30]} 9. Nxg6 {[%clk 2:10:30]} hxg6 {[%clk
2:10:30]} 10. Bb5 {[%clk 2:10:30]} Bd6 {[%clk 2:10:30]} 11. Bg5 {[%clk 2:10:30]}
Qe7+ {[%clk 2:10:30]} 12. Qe2 {[%clk 2:10:30]} Qxe2+ {[%clk 2:10:30]} 13. Kxe2
{[%clk 2:10:30]} Ne4 {[%clk 2:10:30]} 14. Be3 {[%clk 2:10:30]} O-O-O {[%clk
2:10:30]} 15. Bxc6 {[%clk 2:10:30]} bxc6 {[%clk 2:10:30]} 16. Nd2 {[%clk
2:10:30]} 1/2-1/2

[Event "7th Arber Senior Cup"]
[Site "chess24.com"]
[Date "2019.08.02"]
[Round "7"]
[White "Wacker, Manfred"]
[Black "Schuster, Herbert"]
[Result "1-0"]
[Board "29"]
[WhiteElo "1741"]
[WhiteTeam "SC Lambsheim"]
[WhiteCountry "GER"]
[WhiteFideId "12952850"]
[WhiteEloChange "11"]
[BlackElo "1774"]
[BlackTeam "SK Landshut"]
[BlackCountry "GER"]
[BlackFideId "24612464"]
[BlackEloChange "-11"]

1. d4 {[%clk 2:10:30]} d5 {[%clk 2:10:30]} 2. c4 {[%clk 2:10:30]} c6 {[%clk
2:10:30]} 3. Nf3 {[%clk 2:10:30]} Nf6 {[%clk 2:10:30]} 4. Nc3 {[%clk 2:10:30]} h6
{[%clk 2:10:30]} 5. e3 {[%clk 2:10:30]} Bf5 {[%clk 2:10:30]} 6. Be2 {[%clk
2:10:30]} e6 {[%clk 2:10:30]} 7. O-O {[%clk 2:10:30]} Nbd7 {[%clk 2:10:30]} 8.
Bd2 {[%clk 2:10:30]} Bb4 {[%clk 2:10:30]} 9. Nxd5 {[%clk 2:10:30]} Nxd5 {[%clk
2:10:30]} 10. cxd5 {[%clk 2:10:30]} Bxd2 {[%clk 2:10:30]} 11. Qxd2 {[%clk
2:10:30]} exd5 {[%clk 2:10:30]} 12. Qb4 {[%clk 2:10:30]} Rb8 {[%clk 2:10:30]} 13.
Rac1 {[%clk 2:10:30]} Qe7 {[%clk 2:10:30]} 14. Qxe7+ {[%clk 2:10:30]} Kxe7 {[%clk
2:10:30]} 15. Nh4 {[%clk 2:10:30]} Be6 {[%clk 2:10:30]} 16. f4 {[%clk 2:10:30]}
Nf6 {[%clk 2:10:30]} 17. Bd3 {[%clk 2:10:30]} Rhg8 {[%clk 2:10:30]} 18. Nf5+
{[%clk 2:10:30]} Bxf5 {[%clk 2:10:30]} 19. Bxf5 {[%clk 2:10:30]} g6 {[%clk
2:10:30]} 20. Bd3 {[%clk 2:10:30]} Kd6 {[%clk 2:10:30]} 21. h3 {[%clk 2:10:30]}
Rbe8 {[%clk 2:10:30]} 22. Rce1 {[%clk 2:10:30]} Re7 {[%clk 2:10:30]} 23. Re2
{[%clk 2:10:30]} Nh5 {[%clk 2:10:30]} 24. Rf3 {[%clk 2:10:30]} Rge8 {[%clk
2:10:30]} 25. Kf2 {[%clk 2:10:30]} f5 {[%clk 2:10:30]} 26. g3 {[%clk 2:10:30]}
Re4 {[%clk 2:10:30]} 27. g4 {[%clk 2:10:30]} fxg4 {[%clk 2:10:30]} 28. hxg4
{[%clk 2:10:30]} Nf6 {[%clk 2:10:30]} 29. Kg3 {[%clk 2:10:30]} R4e7 {[%clk
2:10:30]} 30. Bxg6 {[%clk 2:10:30]} Rg8 {[%clk 2:10:30]} 31. f5 {[%clk 2:10:30]}
Re4 {[%clk 2:10:30]} 32. Rf4 {[%clk 2:10:30]} Re7 {[%clk 2:10:30]} 33. Kh4 {[%clk
2:10:30]} a5 {[%clk 2:10:30]} 34. Rf3 {[%clk 2:10:30]} b5 {[%clk 2:10:30]} 35.
Rc2 {[%clk 2:10:30]} Re4 {[%clk 2:10:30]} 36. Rg2 {[%clk 2:10:30]} Rg7 {[%clk
2:10:30]} 37. Kh3 {[%clk 2:10:30]} Rge7 {[%clk 2:10:30]} 38. Rgg3 {[%clk
2:10:30]} a4 {[%clk 2:10:30]} 39. a3 {[%clk 2:10:30]} c5 {[%clk 2:10:30]} 40.
dxc5+ {[%clk 2:10:30]} Kxc5 {[%clk 2:10:30]} 41. g5 {[%clk 2:10:30]} hxg5 {[%clk
2:10:30]} 42. Rxg5 {[%clk 2:10:30]} Rxe3 {[%clk 2:10:30]} 43. Rxe3 {[%clk
2:10:30]} Rxe3+ {[%clk 2:10:30]} 44. Rg3 {[%clk 2:10:30]} Rxg3+ {[%clk 2:10:30]}
45. Kxg3 {[%clk 2:10:30]} b4 {[%clk 2:10:30]} 46. Kf4 {[%clk 2:10:30]} bxa3
{[%clk 2:10:30]} 47. bxa3 {[%clk 2:10:30]} d4 {[%clk 2:10:30]} 48. Ke5 {[%clk
2:10:30]} Ng4+ {[%clk 2:10:30]} 49. Kf4 {[%clk 2:10:30]} d3 {[%clk 2:10:30]} 50.
Be8 {[%clk 2:10:30]} Nf6 {[%clk 2:10:30]} 51. Bxa4 {[%clk 2:10:30]} Kd4 {[%clk
2:10:30]} 52. Bd1 {[%clk 2:10:30]} Nd5+ {[%clk 2:10:30]} 53. Kf3 {[%clk 2:10:30]}
Kc3 {[%clk 2:10:30]} 54. Kf2 {[%clk 2:10:30]} Kd2 {[%clk 2:10:30]} 55. Bf3 {[%clk
2:10:30]} Nc3 {[%clk 2:10:30]} 56. f6 {[%clk 2:10:30]} Nd1+ {[%clk 2:10:30]} 57.
Bxd1 {[%clk 2:10:30]} Kxd1 {[%clk 2:10:30]} 58. f7 {[%clk 2:10:30]} d2 {[%clk
2:10:30]} 59. f8Q {[%clk 2:10:30]} Kc2 {[%clk 2:10:30]} 60. Qd8 {[%clk 2:10:30]}
d1Q {[%clk 2:10:30]} 61. Qxd1+ {[%clk 2:10:30]} Kxd1 {[%clk 2:10:30]} 62. a4
{[%clk 2:10:30]} 1-0

[Event "7th Arber Senior Cup"]
[Site "chess24.com"]
[Date "2019.08.02"]
[Round "7"]
[White "Trinkl, Andreas"]
[Black "Moser, Andreas"]
[Result "1/2-1/2"]
[Board "30"]
[WhiteElo "1620"]
[WhiteTeam "SV Walldorf"]
[WhiteCountry "GER"]
[WhiteFideId "1270682"]
[WhiteEloChange "2"]
[BlackElo "1693"]
[BlackTeam "SC Pasing"]
[BlackCountry "GER"]
[BlackFideId "24627178"]
[BlackEloChange "-2"]

1. e4 {[%clk 2:10:30]} d6 {[%clk 2:10:30]} 2. Bc4 {[%clk 2:10:30]} Nf6 {[%clk
2:10:30]} 3. Nc3 {[%clk 2:10:30]} g6 {[%clk 2:10:30]} 4. f4 {[%clk 2:10:30]} Nc6
{[%clk 2:10:30]} 5. d3 {[%clk 2:10:30]} Bg4 {[%clk 2:10:30]} 6. Nge2 {[%clk
2:10:30]} a6 {[%clk 2:10:30]} 7. h3 {[%clk 2:10:30]} Bxe2 {[%clk 2:10:30]} 8.
Qxe2 {[%clk 2:10:30]} b5 {[%clk 2:10:30]} 9. Bb3 {[%clk 2:10:30]} Nd4 {[%clk
2:10:30]} 10. Qf2 {[%clk 2:10:30]} Nxb3 {[%clk 2:10:30]} 11. axb3 {[%clk
2:10:30]} Bg7 {[%clk 2:10:30]} 12. O-O {[%clk 2:10:30]} O-O {[%clk 2:10:30]} 13.
Be3 {[%clk 2:10:30]} e6 {[%clk 2:10:30]} 14. b4 {[%clk 2:10:30]} Nd7 {[%clk
2:10:30]} 15. Ra2 {[%clk 2:10:30]} c6 {[%clk 2:10:30]} 16. Rfa1 {[%clk 2:10:30]}
Qc8 {[%clk 2:10:30]} 17. g4 {[%clk 2:10:30]} f5 {[%clk 2:10:30]} 18. exf5 {[%clk
2:10:30]} exf5 {[%clk 2:10:30]} 19. g5 {[%clk 2:10:30]} d5 {[%clk 2:10:30]}
1/2-1/2

[Event "7th Arber Senior Cup"]
[Site "chess24.com"]
[Date "2019.08.02"]
[Round "7"]
[White "Nusser, Hans-Karl, Dr."]
[Black "Riha, Peter"]
[Result "1/2-1/2"]
[Board "31"]
[WhiteElo "1601"]
[WhiteTeam "Muenchener SC"]
[WhiteCountry "GER"]
[WhiteFideId "16226399"]
[WhiteEloChange "3"]
[BlackElo "1720"]
[BlackTeam "Schleswiger SV"]
[BlackCountry "GER"]
[BlackFideId "24627399"]
[BlackEloChange "-3"]

1. d4 {[%clk 2:10:30]} Nf6 {[%clk 2:10:30]} 2. c4 {[%clk 2:10:30]} e5 {[%clk
2:10:30]} 3. dxe5 {[%clk 2:10:30]} Ng4 {[%clk 2:10:30]} 4. Nf3 {[%clk 2:10:30]}
Nc6 {[%clk 2:10:30]} 5. e4 {[%clk 2:10:30]} Ngxe5 {[%clk 2:10:30]} 6. Nxe5 {[%clk
2:10:30]} Nxe5 {[%clk 2:10:30]} 7. Be2 {[%clk 2:10:30]} Bc5 {[%clk 2:10:30]} 8.
O-O {[%clk 2:10:30]} O-O {[%clk 2:10:30]} 9. Nc3 {[%clk 2:10:30]} a6 {[%clk
2:10:30]} 10. Qc2 {[%clk 2:10:30]} d6 {[%clk 2:10:30]} 11. b3 {[%clk 2:10:30]} f5
{[%clk 2:10:30]} 12. Bb2 {[%clk 2:10:30]} f4 {[%clk 2:10:30]} 13. Na4 {[%clk
2:10:30]} Ba7 {[%clk 2:10:30]} 14. Bxe5 {[%clk 2:10:30]} dxe5 {[%clk 2:10:30]}
15. c5 {[%clk 2:10:30]} Qg5 {[%clk 2:10:30]} 16. f3 {[%clk 2:10:30]} b6 {[%clk
2:10:30]} 17. Nb2 {[%clk 2:10:30]} Bh3 {[%clk 2:10:30]} 18. Rf2 {[%clk 2:10:30]}
Rad8 {[%clk 2:10:30]} 19. Rd1 {[%clk 2:10:30]} Rxd1+ {[%clk 2:10:30]} 20. Bxd1
{[%clk 2:10:30]} Be6 {[%clk 2:10:30]} 21. a3 {[%clk 2:10:30]} Bb8 {[%clk
2:10:30]} 22. Rd2 {[%clk 2:10:30]} c6 {[%clk 2:10:30]} 23. Qc3 {[%clk 2:10:30]}
Bc7 {[%clk 2:10:30]} 1/2-1/2

[Event "7th Arber Senior Cup"]
[Site "chess24.com"]
[Date "2019.08.02"]
[Round "7"]
[White "Barnowski, Roman"]
[Black "Cordts, Elof"]
[Result "1/2-1/2"]
[Board "32"]
[WhiteElo "1459"]
[WhiteTeam "SW Nuernberg Sued"]
[WhiteCountry "GER"]
[WhiteFideId "16255240"]
[WhiteEloChange "6"]
[BlackElo "1710"]
[BlackTeam "SC Erlangen"]
[BlackCountry "GER"]
[BlackFideId "12987301"]
[BlackEloChange "-6"]

1. Nf3 {[%clk 2:10:30]} c5 {[%clk 2:10:30]} 2. c4 {[%clk 2:10:30]} Nf6 {[%clk
2:10:30]} 3. g3 {[%clk 2:10:30]} Nc6 {[%clk 2:10:30]} 4. Bg2 {[%clk 2:10:30]} d6
{[%clk 2:10:30]} 5. O-O {[%clk 2:10:30]} Bg4 {[%clk 2:10:30]} 6. e3 {[%clk
2:10:30]} Qc8 {[%clk 2:10:30]} 7. d4 {[%clk 2:10:30]} cxd4 {[%clk 2:10:30]} 8.
exd4 {[%clk 2:10:30]} Bh3 {[%clk 2:10:30]} 9. d5 {[%clk 2:10:30]} Bxg2 {[%clk
2:10:30]} 10. Kxg2 {[%clk 2:10:30]} Nb8 {[%clk 2:10:30]} 11. b3 {[%clk 2:10:30]}
Nbd7 {[%clk 2:10:30]} 12. Bb2 {[%clk 2:10:30]} g6 {[%clk 2:10:30]} 13. Nc3 {[%clk
2:10:30]} Bg7 {[%clk 2:10:30]} 14. Re1 {[%clk 2:10:30]} O-O {[%clk 2:10:30]} 15.
Rxe7 {[%clk 2:10:30]} Re8 {[%clk 2:10:30]} 16. Re1 {[%clk 2:10:30]} a6 {[%clk
2:10:30]} 17. Qc2 {[%clk 2:10:30]} Rb8 {[%clk 2:10:30]} 18. Ne4 {[%clk 2:10:30]}
Nxe4 {[%clk 2:10:30]} 19. Bxg7 {[%clk 2:10:30]} Kxg7 {[%clk 2:10:30]} 20. Rxe4
{[%clk 2:10:30]} Nf6 {[%clk 2:10:30]} 21. Rxe8 {[%clk 2:10:30]} Nxe8 {[%clk
2:10:30]} 22. Re1 {[%clk 2:10:30]} Qd8 {[%clk 2:10:30]} 23. Qe4 {[%clk 2:10:30]}
Qf6 {[%clk 2:10:30]} 24. Qe7 {[%clk 2:10:30]} h6 {[%clk 2:10:30]} 25. Qd7 {[%clk
2:10:30]} Qd8 {[%clk 2:10:30]} 26. Qxd8 {[%clk 2:10:30]} Rxd8 {[%clk 2:10:30]}
27. Re7 {[%clk 2:10:30]} Rb8 {[%clk 2:10:30]} 28. h4 {[%clk 2:10:30]} Nf6 {[%clk
2:10:30]} 29. Kh3 {[%clk 2:10:30]} Kf8 {[%clk 2:10:30]} 30. Re2 {[%clk 2:10:30]}
Nd7 {[%clk 2:10:30]} 31. g4 {[%clk 2:10:30]} Re8 {[%clk 2:10:30]} 32. Rxe8+
{[%clk 2:10:30]} Kxe8 {[%clk 2:10:30]} 1/2-1/2

[Event "7th Arber Senior Cup"]
[Site "chess24.com"]
[Date "2019.08.02"]
[Round "7"]
[White "Auterhoff, Juergen, Dr."]
[Black "Redeker, Frank, Dr."]
[Result "1-0"]
[Board "33"]
[WhiteElo "1673"]
[WhiteTeam "SC Pasing"]
[WhiteCountry "GER"]
[WhiteFideId "4609760"]
[WhiteEloChange "10"]
[BlackElo "1677"]
[BlackTeam "SF Brand"]
[BlackCountry "GER"]
[BlackFideId "12986011"]
[BlackEloChange "-10"]

1. e4 {[%clk 2:10:30]} d6 {[%clk 2:10:30]} 2. d4 {[%clk 2:10:30]} Nf6 {[%clk
2:10:30]} 3. Nc3 {[%clk 2:10:30]} g6 {[%clk 2:10:30]} 4. Nf3 {[%clk 2:10:30]} Bg7
{[%clk 2:10:30]} 5. h3 {[%clk 2:10:30]} O-O {[%clk 2:10:30]} 6. Be3 {[%clk
2:10:30]} e5 {[%clk 2:10:30]} 7. d5 {[%clk 2:10:30]} b6 {[%clk 2:10:30]} 8. Qd2
{[%clk 2:10:30]} Na6 {[%clk 2:10:30]} 9. Bb5 {[%clk 2:10:30]} Nb8 {[%clk
2:10:30]} 10. O-O {[%clk 2:10:30]} Bb7 {[%clk 2:10:30]} 11. Rad1 {[%clk 2:10:30]}
a6 {[%clk 2:10:30]} 12. Be2 {[%clk 2:10:30]} Nbd7 {[%clk 2:10:30]} 13. b4 {[%clk
2:10:30]} Ne8 {[%clk 2:10:30]} 14. a3 {[%clk 2:10:30]} Qc8 {[%clk 2:10:30]} 15.
Bg5 {[%clk 2:10:30]} f6 {[%clk 2:10:30]} 16. Bh6 {[%clk 2:10:30]} Qd8 {[%clk
2:10:30]} 17. Bxg7 {[%clk 2:10:30]} Kxg7 {[%clk 2:10:30]} 18. Bc4 {[%clk
2:10:30]} h6 {[%clk 2:10:30]} 19. Nh2 {[%clk 2:10:30]} f5 {[%clk 2:10:30]} 20. f4
{[%clk 2:10:30]} exf4 {[%clk 2:10:30]} 21. Rxf4 {[%clk 2:10:30]} Ne5 {[%clk
2:10:30]} 22. Be2 {[%clk 2:10:30]} Bc8 {[%clk 2:10:30]} 23. Rdf1 {[%clk 2:10:30]}
g5 {[%clk 2:10:30]} 24. R4f2 {[%clk 2:10:30]} Kg6 {[%clk 2:10:30]} 25. exf5+
{[%clk 2:10:30]} Rxf5 {[%clk 2:10:30]} 26. Bd3 {[%clk 2:10:30]} Nxd3 {[%clk
2:10:30]} 27. Qxd3 {[%clk 2:10:30]} Ng7 {[%clk 2:10:30]} 28. g4 {[%clk 2:10:30]}
Qf8 {[%clk 2:10:30]} 29. gxf5+ {[%clk 2:10:30]} Nxf5 {[%clk 2:10:30]} 30. Ng4
{[%clk 2:10:30]} 1-0